| 000 | 00382nam a2200145Ia 4500 | ||
|---|---|---|---|
| 008 | 240624s9999 xx 000 0 und d | ||
| 041 | _aeng | ||
| 082 | _a658 ALB | ||
| 100 | _aALBARRAN ALAN B | ||
| 245 | _aMANAGEMENT OF ELECTRONIC AND DIGITAL MED | ||
| 250 | _a(5th ed.) | ||
| 260 |
_c2013 _aAustralia _bCengage Learning |
||
| 300 | _axxii, : 307 : p. : cm. ; 23 | ||
| 365 |
_c _b25 |
||
| 999 |
_c26970 _d26970 |
||